[Event "Euwe intern"]
[Site "Amsterdam"]
[Date "2004.10.21"]
[Round "8"]
[White "Van der Hoeven, Gertjan"]
[Black "Witt, Rob"]
[Result "0-1"]
[WhiteElo "2290"]
[BlackElo "2204"]
[Annotator "Witt,Rob"]
[PlyCount "73"]

{Deze partij heeft een voorgeschiedenis. Een week eerder hadden Tigran,
Gertjan en ik het over deze openingsvariant. Tigran en Gertjan waarschuwden me
dat deze Franse Doorschuifvariant heel goed voor wit is. Ze hadden het samen
voorbereid voor de wedstrijd tegen Fischer Z waar Tigran Casper Blaauw
verwachtte, die ook altijd Frans speelt. Het ging met name om de stelling na
10.h4 a5. Ik antwoordde dat ik alle vertrouwen had in de zwarte stelling.
Daarop stelde Sander, die er ook bij stond, dat hij mij volgende week zou
indelen tegen Gertjan. Ik nam de uitdaging aan en afgesproken werd dat we de
stelling na 10.h4 a5 op het bord zouden brengen. De argeloze lezer denkt nu
natuurlijk dat wij allebei een paar avonden hard gestudeerd hebben op die
stelling, maar niets is minder waar. Gertjan vertelde dat hij pas de avond
tevoren zich de afspraak herinnerde, toe hij al in bed lag. Zelf was ik het
ook weer vergeten. Tijdens de maaltijd voor de partij vroeg mijn zoon tegen
wie ik moest spelen. Ik wilde net gaan uitleggen dat dat nooit bekend was toen
ik me plotseling de afspraak herinnerde. Gauw mijn bord leeg gegeten en van 7
tot half 8 nog even naar de stelling gekeken.} 1. e4 e6 2. d4 d5 3. e5 c5 4. c3
Nc6 5. Nf3 Qb6 {De voorbereiding van Tigran op Casper Blaauw ging hier al de
mist in, want Casper speelde geen Db6 maar de andere hoofdvariant met Ld7. Dat
heb ik ook nog gespeeld in het Amsterdamtoernooi tegen een Italiaan.} 6. a3 Nh6
{Dit speel ik eigenlijk nog maar sinds dit jaar. Ik heb meer ervaring net
c5-c4.} 7. b4 cxd4 8. cxd4 Nf5 9. Bb2 {Beter dan Le3 wat Tigran aan het eind
van het vorige seizoen zonder succes tegen mij speelde in zaal Vennius.} Be7 {
Tegen Micha Leuw, laatste ronde SGA, speelde ik de andere belangrijke variant
met Ld7. Hoewel ik heel goed kwam te staan verloor ik uiteindelijk in een
waanzinnig spannende partij.} 10. h4 a5 {De afgesproken stelling. Begin dit
jaar tegen Gertjan had ik eerst h5 gespeeld net als Ligterink een paar dagen
eerder in de knsb. Gertjan won beide partijen overtuigend. Na die partij
ontdekte ik thuis dat ik me een paar maanden eerder al had voorgenomen om a5
te spelen i.p.v. h5. Totaal vergeten natuurlijk.} 11. b5 a4 12. g4 Nh6 13. Rg1
{1'} Na5 14. Nc3 $2 {5' Verrassend! Hebben ze dat voorbereid? Dat speelde Daan
Zult ook tegen mij begin dit jaar in die bekerwedstrijd tegen De Eenhoorn. In
dat half uurtje voor de partij had ik me allen bezig gehouden met het sterkere}
(14. Qxa4 {zoals Micha Leuw tegen mij speelde in het Bussum toernooi afgelopen
Pinksterweekend. Daar volgde toen} Bd7 15. Bd3 O-O 16. Nc3 ({Ik vermoedde dat
Gertjan en Tigran misschien gekeken hadden naar het spannende} 16. Qc2 $5 {
In dat half uurtje begon het me al gauw te duizelen van de vele mgelijkheden
voor beide partijen.})) 14... Nb3 15. Rb1 {8' Ik herinner me dat Daan Zult na
onze partij zei dat hij hier Ta2 had moeten spelen. Hier is ook een partij mee
gespeeld, maar dat was ook niks voor wit.} Qa5 {2' Hierna begon Gertjan zeer
lang na te denken. In de voorbereiding op Casper Blaauw hadden hij en Tigran
deze zet gemist. Dat komt er nou van als je de partijen op Euwe Online niet
naspeelt!} 16. Qd3 {26'} Bd7 {En opnieuw gooit Gertjan er nog eens ruim 20'
tegenaan. Maar met succes. Hij vindt de enige speelwijze die wit in de partij
houdt.} 17. Be2 $1 {47' Daan Zult speelde tegen mij} (17. Rg3 $2 Rc8 18. Ng5
Rc4 {en kon zo ongeveer opgeven. Dat deed hij natuurlijk niet. Hij is nog
erger dan de Flesman. Eerst mistte ik een snelle winst en toen op zet 30
blunderde ik in nog steeds gewonnen stelling en stond slecht. Vervolgens gaf
hij me nog een kans om te winnen maar die mistte ik ook en verloor jammerlijk.
Gelukkig redde Alje toen de wedstrijd.}) 17... Rc8 {5'} 18. Kf1 Bxa3 $2 {
11' Dit levert niks op. Het is ook moeilijk om je concentratie vast te houden
als je tegenstander zo lang nadenkt. Zeker als je die nog helemaal niet hebt
gehad. Ik had al 3 kwartier rondgelopen. Er was ook veel te zien. Het 5e
speelde extern, er werd door een 4-tal voor de beker gespeeld en er waren nog
een paar interessante interne partijen. In die 6 minuten die ik hier nadacht
heb ik eigenlijk alleen evengekekennaar} (18... Rc4 $5 {maar ik zag niet de
zin ervan in na} 19. Nd2 {en ik kan niet op d4 slaan. Toch is dit best aardig
voor zwart na bijv.} Rc7 20. Nxb3 axb3) ({Een andere interessante mogelijkheid
is} 18... b6 {Kortom, ik had hier ook een half uurtje moeten nadenken om in de
partij te komen.}) 19. Nxa4 Qxa4 20. Bxa3 Qxa3 21. Qxb3 {over 30' Pas hier
begon ik 20' na te denken. Het begon tot me door te dringen dat ik niks had en
zelfs moest oppassen om niet in het nadeel te komen. Mijn paard op h6 staat
tenslotte buitenspel en als wit snel Tg1 in het spel kan brengen wordt het
link.} Rc3 {over 54' Dit leek me uiteindelijk de beste. Met een toren op de
zesde rij wordt Ld3 verhinderd. Ik keek ook naar de alternatieven} (21... Qxb3
22. Rxb3 Ke7 23. g5 Nf5 24. Bd3 h6 25. Kg2 hxg5 26. hxg5 {en wit staat beter.})
(21... Rc1+ 22. Kg2 Rxg1+ 23. Nxg1 Qe7 {maar toen vond ik het irritante} 24.
Qb4 $1 {en slaan op h4 lijkt te gevaarlijk wegens Ra1.}) (21... Qa5 {maar na}
22. Qb4 {moet ik toch de dames ruilen.}) 22. Qxa3 {18' Hiervoor trok Gertjan
nog een kostbare 12' voor uit. Misschien keek hij naar} (22. Qb4 Rxf3 (22...
Qxb4) 23. Bxf3 Qxf3 24. Ra1 f6 25. Ra8+ Kf7 26. Rxh8 Qd1+ 27. Kg2 Qxg4+ {
met eeuwig schaak.}) 22... Rxa3 23. g5 $6 {15' Dit had Gertjan waarschijnlijk
al bij zijn vorige zet bedacht. Het is de snelste manier om Tg1 in het spel te
brengen, maar heeft het nadeel dat mijn paard uit zijn hok is. Tijdens de
partij leek het me een twijfelachtige zet.} ({Een nog snellere manier om Tg1
te activeren is} 23. Kg2 $5 {Zelfs Fritz vindt dit pionoffer niet gek!} Nxg4
24. Rgc1 Ra2 $1 25. Ng1 (25. Ra1 {hoeft zwart niet te vrezen lijkt me.} Rxa1
26. Rxa1 Ke7 27. Ra7 Rb8 28. b6 f6 29. Nd2 Nh6 30. Nb3 Nf5) 25... Nh6 26. b6 (
26. Rc7 b6 27. Rb7 Ke7 28. Rxb6 Nf5) 26... O-O 27. Rc7 Bc6 28. Bb5 Bxb5 29.
Rxb5 Rb8 30. Rbc5 Raa8 {en hier moet zwart uit kunnen komen.}) ({Ik maakte
eigenlijk het meeste zorgen over} 23. b6 $5 Ke7 24. Ne1 {Vooral omdat nu voor
een heel moeilijke keus staat. Ik heb geen idee wat het beste is. Bijv.} Ra4 {
Ligt wel het meest voor de hand} (24... f6) (24... Rc8 25. Nd3 Rc2 26. Rg3 Raa2
27. Re3 $14) (24... Rha8 25. Bd3 R8a4 26. Bxh7 $5) 25. Nc2 f6 26. f4 Rc8 ({
Een andere mogelijkheid is} 26... fxe5 27. fxe5 Rf8+ 28. Ke1 Rf4 29. Rb2 Nf7 {
Het paard gaat op weg naar c6!}) 27. Rb2 Be8 {en zwart lijkt OK.}) 23... Nf5
24. Kg2 Ke7 {46'} 25. Rgc1 Rc8 $2 {Lui en snel gespeeld. Ik was vergeten dat
ik ook nog wilde kijken naar} (25... b6 $1 26. Rc7 Rb8 {Zie je wel. Dit ziet
er veel beter uit.} ({Ook goed lijkt me} 26... Rc8 27. Rxc8 Bxc8 28. Rc1 Kd8 $1
{en zwart staat minstens gelijk.} 29. Rc6 Bb7 $1 30. Rxb6 $2 Kc7) 27. h5 h6 28.
gxh6 gxh6 {en ook hier staat zwart meer gelijk dan wit.}) 26. Rxc8 (26. Ra1 Rb3
$1) 26... Bxc8 27. b6 {11'} Bd7 {44'} 28. Rb4 {9'} Kd8 {38'} (28... Ra4 $2 29.
Rxa4 Bxa4 30. Ba6 $1 (30. Bd3 Bd1 31. Bxf5 Bxf3+ 32. Kxf3 exf5 {Ik dacht
tijdens de partij dat dit pionneneindspel won wegens de zwakke pion op b6,
maar het blijkt remise.} 33. h5 g6 34. hxg6 hxg6 35. Ke3 Kd7 36. Kf4 {en zwart
kan niet naar de b-pion lopen wegens e6 en Ke5.}) 30... Bc6 31. Bd3 $16) (28...
Be8 $5) 29. h5 {8'} h6 {34'} 30. Bf1 $2 {6' een mysterieuze zet. Misschien is
de bedoeling om Pd2 te spelen.} ({Beter} 30. gxh6 gxh6 {en zwart heeft kleine
winstkansen.}) 30... Ra4 $2 {26'} ({Veel beter was} 30... hxg5 $1 {Ik heb er
in die 8' niet eens naar gekeken.} 31. Nxg5 f6 32. Nf3 Be8 $17) 31. Rxa4 Bxa4
32. Bd3 {3'} Ne7 33. gxh6 gxh6 34. Ng5 {1,5'} Ke8 {24'} 35. Nh7 Nc8 {23'
Hierna blijkt het geforceerd remise zonder dat we dat zagen.} ({Een andere
poging is} 35... Bc6 {maar dat werkt ook niet} 36. f4 $1 Nc8 37. f5 exf5 (37...
Nxb6 $2 38. Nf6+ Kf8 39. Ng4) 38. Bxf5 Nxb6 39. Nf6+ Kf8 {Door de zwakte van
pion h6 kan de zwarte koning niet meehelpen op dedamevleugel .} 40. Kf2 Nc4 41.
Ke2 b5 42. Bc2 b4 43. Bb3 {en zwart komt niet verder.}) 36. Nf6+ Kf8 37. Nd7+
$4 {Vreselijk. Vooral toen we vervolgens ontdekten dat wit geforceerd remise
maakt met} (37. Ba6 $1 Bc6 38. Bxb7 $1 Bxb7 39. Nd7+ Ke7 40. Nc5 Nxb6 41. Nxb7
$11) 0-1

[Event "Euwe intern (9)"]
[Site "?"]
[Date "2004.10.28"]
[Round "?"]
[White "Witt, R."]
[Black "Moll, A."]
[Result "0-1"]
[WhiteElo "2234"]
[BlackElo "2254"]
[Annotator "Moll,A"]
[PlyCount "76"]

{Wat is "geluk"? Dwing je geluk af? Ik moest tijdens onderstaande partij
denken aan een interview uit 1992 met een nog zeer jonge Shirov in New in
Chess. Shirov zegt daarin: "I see that in my games very much depends on luck.
Sometimes I see such simple moves for my opponents which would completely
destroy me. Like (..) against Salov. In the endgame I made a terrible mistake
when I went Kd7. At that point he could win immediately with c6 check. He had
enough time to find this, but he didn't. (..) When I played in Oakham,
Grandmaster Flear told me 'How can you be so lucky? Probably you have some
good friend somewhere.' But this is something you can run out of at any time.
I cannot imagine how to play chess if this luck goes away."} 1. d4 g6 {
Geinspireerd door Morozevitsj, die dit regelmatig speelt. Het idee is een
grillig soort Moderne verdediging spelen waarover weinig theorie is.} 2. e4 Bg7
{Natuurlijk een volstrekt normale zet, maar niet wat ik wilde spelen!} (2... c6
$5 3. c4 d5 {wilde ik proberen. Het gebeurde tijdens de laatste Olympiade in
Azmaiparashvili-Morozevitsj.}) 3. c4 c6 {Nu kan dit ook wel, maar leidt het
toch tot heel andere stellingen.} (3... d6 {was Agrest-Morozevitsj, ook uit de
Olympiade.}) 4. Nc3 d5 $5 5. exd5 (5. e5 {is de meest gespeelde zet.}) 5...
cxd5 {Nu staat er een Caro Kann met g6 op het bord! Na afloop zei Rob: "Je
hebt me wel handig in de Panov gelokt" - maar dat was helemaal niet mijn
bedoeling!} 6. cxd5 (6. Nxd5 Nc6 7. Nf3 e6 {en zwart wint de d-pion terug.}) (
6. Nf3 Nf6 {leidt tot de hoofdvariant.}) 6... Nf6 7. Qb3 $1 {Opeens herinnerde
ik me weer dat dit een lastige manier van spelen was voor zwart. Wit gaat d5
gewoon dekken en wint hierdoor tijd.} O-O 8. Be2 {Hier dacht ik lang na. Ik
zag dat Pbd7 of Pa6 de normale zetten waren, maar meende me ook vaag te
herinneren dat er scherpe gambietvarianten waren waarin zwart een pion offert
voor een snelle ontwikkeling. Mijn fantasie sloeg nu op leerzame wijze op hol.
Ik zag de mogelijkheid e6 gevolgd door offeren op b7, maar kwam er niet uit
waar zwarts compensatie dan uit bestond. Opeens had ik het: zwart biedt
dameruil aan door een schijnoffer op a8 te plegen, en na dameruil heeft hij
meer dan voldoende compensatie voor de pion in de vorm van witte zwaktes op a2
en d4 en een koning die nog in het centrum staat. Deze redering faalt echter
om twee redenen, zoals we zullen zien.} e6 $2 (8... Nbd7 9. Bf3 Nb6 10. Nge2
Bg4 11. Bxg4 Nxg4 12. a4 a5 13. O-O Qd6 $13) (8... Na6 $5 {Deze methode bevalt
me eigenlijk meer dan die met Pbd7.} 9. Bf3 Qb6 $1 {Nu wel.} 10. Qxb6 axb6 11.
Nge2 Nb4 12. O-O Rd8 {en hier geeft wit de pion terug met} 13. d6 Rxd6 $13) 9.
dxe6 Bxe6 10. Qxb7 Qb6 $4 $146 {Dit was het idee van het 'pionoffer'. Zodra ik
het gespeeld had, zag ik dat ik helaas niet een, maar twee pionnen achter
stond! Ik had immers ook al een pion op d5 geofferd... Ik was mij net aan het
voorbereiden op een zware bikkelstrijd in het eindspel, toen ik een nog veel
groter nadeel van de tekstzet zag. Niet lang daarna speelde Rob:} (10... Nbd7
11. Nf3 Nb6 $16 {is nog gespeeld in een aantal partijen, zwart heeft weliswaar
compensatie voor een pion, maar niet voor twee.}) 11. Bf3 $1 $18 {Au. Dit
leidt niet alleen tot dameruil, maar ook nog eens tot kwaliteitswinst. Ik
overwoog hier opgave, maar besefte dat ik toch nog wel iets had om op te
spelen. Toegegeven, je moet behoorlijk optimistisch zijn om dat in tezien!} (
11. Qxa8 $2 Nc6 12. Na4 (12. Qxf8+ $16) 12... Qa5+ 13. Bd2 Qxa4 14. Qb7 Nxd4 {
is wat ik wel wilde, uiteraard.}) 11... Na6 $1 {De beste praktische kans. Het
houdt tenminste de witte koning vast in het centrum, al is dat uiteraard bij
lange na niet voldoende.} (11... Qxd4 12. Nge2 $18) (11... Re8 12. Nge2 $5 $18)
12. Qxb6 axb6 13. Bxa8 Nb4 {De enige zet om het wit een beetje lastig te maken.
} (13... Rxa8 14. Nge2 Nb4 15. O-O $1 $18 {met de koning veilig opgeborgen
hoeft wit alleen maar een pionnetje terug te offeren en staat dan huizenhoog
gewonnen.}) 14. Be3 $1 {Na lang nadenken vindt Rob de beste methode om zijn
stukken te ontwikkelen.} (14. Bf3 Nc2+ 15. Kd1 Nxa1 16. Be3 Bf5 {en zwart kan
nog vechten.}) 14... Rxa8 {Zwart kan niet op a1 nemen, en moet dus
daadwerkelijk een eindspel met kwal en twee pionnen minder gaan spelen.} (14...
Nc2+ 15. Kd2 Nxa1 16. Bf3 Bf5 17. g4 $1 $18) 15. Kd2 {Het is moeilijk voor te
stellen dat zwart hier nog iets uit kan slepen, maar in de volgende fase weet
ik het Rob toch iedere keer een klein beetje lastig te maken.} Ne8 $5 16. Nge2
Nd6 17. b3 Rd8 18. Rhd1 (18. Rhc1 $5) 18... Nf5 19. Kc1 (19. Rac1 $5 {had ik
verwacht. Ik zag niet hoe zwart hier verder moest gaan. Waarschijnlijk moet
hij gewoon wachten en iets als} Re8 {spelen, hopend op foutjes.}) 19... Nd5 $1
{Het lijkt ra ar om vrijwillig stukken te ruilen, maar met deze zet krijgt
zwart in elk geval nog een loper op de lange diagonaal.} 20. Nxd5 Bxd5 {
Dreigt op g2 te slaan en introduceert vage dreigingen met Le4 en Tc8-c2.} 21.
Rg1 $1 {Niet alleen een sterke zet, maar ook een verstandige. Wit kan wel
optimistisch redeneren dat die g-pion niet belangrijk is -en dat is hij ook
niet- maar het is niet zo eenvoudig om een direct winstplan te vinden. Na
afloop riep iedereen dat wit 'gewoon' met zijn a-pion moest gaan rennen, maar
vergeet niet dat de koning nog steeds niet helemaal veilig staat. Nee, ik denk
dat de tekstzet juist is: wit HOEFT helemaal niets te doen, want zwart heeft
vanzelf geen dreigende zetten meer.} (21. Nf4 $5 Be4 {en nu een voorbeeld van
hoe het verder zou kunnen gaan:} 22. Rd2 Bf8 23. Kb2 Bb4 24. Rdd1 g5 25. Nd3
Be7 {en wit heeft nog steeds niet helemaal gewonnen.}) 21... Bb7 {Loert niet
alleen naar d4, maar vooral ook is La6 nu een optie.} 22. Kd2 {Natuurlijk is
wit niet bevreesd voor slaan op d4 of e3. Zwart moet nu alle stukken op het
bord houden.} Ba6 23. Rac1 Bf8 $1 {Ach, sta een arme man met twee pionnen en
een kwaliteit minder toe om af en toe een uitroeptekentje achter zijn eigen
zet te plaatsen. Hoe weinig concreet ook, ik ben tevreden over mijn laatste
zetten omdat zwart steeds maar weer kleine irritaties weet te bedenken, die
eigenlijk haaks staan op waar hij hiervoor op speelde. Nu laat zwart de
dreiging tegen d4 los om over de zwarte velden op b4 en a3 te gaan irriteren.}
24. Rc6 $1 {Simpel en sterk. De zwarte dreigingen beginnen uit te drogen.} (24.
Rc4 $2 {werd na afloop gesuggereerd, maar is toch niet goed vanwege:} Bxc4 25.
bxc4 Ra8 26. Nc3 Bb4 {en zwart wint een pion terug. Overigens blijft de
stelling gewonnen, maar alles is relatief.}) 24... Bb4+ 25. Nc3 $2 {Dit is het
moment om de woorden van Shirov terug te halen: "Sometimes I see such simple
moves for my opponents which would completely destroy me." Dat moment is hier
aangebroken!} ({Na} 25. Kd1 $1 {zag en zie ik niet hoe zwart nog verder moet.
Op} Ba5 {volgt eenvoudig} 26. a3 $18) 25... Bc5 $2 ({De computer wijst op} 
25... Ne7 $1 {waarna zwart een kwaliteit terugwint! Toch is het de vraag of
dit praktisch beter is dan wat in de partij gebeurde, aangezien er wel weer
heel wat materiaal geruild wordt.} 26. Rc4 $5 (26. Rf6 $2 Bxc3+) (26. Rxb6
Bxc3+ 27. Kc2 Bc8 $16) 26... Bxc4 27. bxc4 Nc6 (27... Ra8 28. Kc2 Bxc3 29. Kxc3
Rxa2 30. d5 $18) 28. d5 Ne5 29. Rb1 $1 Nxc4+ 30. Kd3 Nxe3 31. fxe3 Bxc3 32.
Kxc3 Rxd5 33. Rxb6 {en ik denk dat wit moet kunnen winnen.}) ({Gek genoeg keek
ik wel naar} 25... Nd6 $2 26. Rxb6 Ne4+ 27. Kc2 $18) 26. Kc2 $6 ({Eenvoudiger
was} 26. d5 $1 Nxe3 (26... Bb7 27. Bxc5 $1 Bxc6 28. Bxb6 Rd7 29. a4 $18) 27.
fxe3 Bb7 28. Rxc5 bxc5 29. e4 f5 30. Kd3 fxe4+ 31. Kc4 $18) 26... Nxd4+ 27.
Bxd4 Rxd4 {Natuurlijk t zwart nog steeds verloren, maar hij is erin geslaagd
om zijn loperpaar te behouden, de witte koning staat nog steeds niet 100%
veilig en zowaar lonken er wat zwaktes op de koningsvleugel...} 28. g3 $6 {
Angstig gespeeld. Het was tijd om tot concreet rekenen over te gaan. Zowel Td1
als Pa4 winnen eenvoudig. Overigens verpest de tekstzet natuurlijk niets.} (28.
Rd1 $1 Rxd1 (28... Rh4 {dit was ik overigens van plan} 29. Rc7 Rxh2 30. Ra7 $18
) 29. Nxd1 Bb7 30. Rxc5 $1 (30. Rc7 Bxg2 31. a4 {wint natuurlijk ook.}) 30...
bxc5 31. f3 $18) (28. Na4 $1 Bb7 29. Rxc5 $1 bxc5 30. Nxc5 $18) 28... Rd8 $2 ({
Beter, maar natuurlijk nog steeds verliezend, was} 28... Bd3+ 29. Kb2 Rd7) 29.
Rd1 Re8 30. Rd2 $1 $18 {Nu zal het toch wel eindelijk afgelopen zijn..?} Kg7 $5
{Zwarts enige hoop is doen alsof hij niet bakken met materiaal achter staat.
Deze schaamteloze 'verbetering van de koning als je niets beters weet', deze
ontkenning van het begrip knock-out, is misschien de reden waarom Rob nu
binnen vijf zetten volledig instort. Het is als in die Monty Python film,
waarin van een ridder een voor een de armen en benen worden afgehakt, waarop
deze roept: "come on you coward, I'll bite you!"} 31. Rd7 $6 (31. b4 $1 Bxb4
32. Rxb6) 31... Bc8 $1 {Wie weet ...} 32. Rdc7 $2 (32. Rd2 $18 {Fritz
overweegt dit niet eens omdat zwart dan La6 kan doen, met = (0.00).}) 32...
Bf5+ {Dit schaakje had Rob niet gezien, een teken aan de wand dat hij
inmiddels in de 'kamer van de halfdromen' (Mohammed Ali en Nirav Christophe)
zat.} 33. Kd2 Bxf2 {Opeens zijn de lopers moordend. Zeker tijdens de partij is
het voor wit nu eenvoudig om nuchter te blijven.} 34. Ne2 $2 (34. Nd5 Rd8 35.
Ke2 Bd4 36. Nc3 Bg4+ 37. Ke1 {(Fritz) is niet overtuigend.}) (34. a4 $1 Be3+
35. Kd1 Bg4+ 36. Kc2 Bf5+ 37. Kb2 Bg1 38. Nb5 {moet nog steeds OK zijn voor
wit, maar is uiteraard niet eenvoudig te vinden.}) 34... Rd8+ 35. Kc3 Be1+ 36.
Kb2 (36. Kc4 $4 Bd3# {is werkelijk meer luck dan zwart verdiende.}) 36... Rd2+
37. Kc1 $4 {Van kwaad tot erger. Overigens geen tijdnood. Rob was gewoon op.} (
37. Rc2 $1 Bxc2 38. Rxc2 $11) 37... Rxe2 38. Kd1 Re8 {en gedesillusioneerd gaf
Rob het hier op. Marc Overeem zei na afloop dat ik het Boze Oog heb. Als
antwoord kan ik alleen maar nogmaals Shirov citeren: "I cannot imagine how to
play chess if this luck goes away."} 0-1